Recopilación sumaria de los autos acordados de la real sala del crimen de la audiencia de esta Nueva España

Detalles Bibliográficos
Formato: Libro
Publicado: México 1787
Materias:
Colección:Banco de datos
Acervo:Biblioteca del Museo Regional de Querétaro. INAH. Querétaro
Tema general:Derecho Civil
Notas:Regular. 1Q2, 9c. Encuadernada en un mismo volumen con dos obras más
LEADER 00773nam a22001810004500
035 |a 28974 
036 |a 2683 
245 1 0 |a Recopilación sumaria de los autos acordados de la real sala del crimen de la audiencia de esta Nueva España  |c comp. Eusebio Ventura Beleña 
260 |a México  |b Felipe de Zúñiga y Ontiveros  |c 1787 
500 |a Regular. 1Q2, 9c. Encuadernada en un mismo volumen con dos obras más 
650 1 0 |a Derecho Civil 
949 |a C.R.Q. 
959 |a Ex convento Grande de San Francisco de la ciudad de Querétaro, Museo Regional de Querétaro  |b CCC2 
960 |a Colección General, Querétaro  |b DD80 
961 |a Varias Ordenes Religiosas  |b VO 
942 |c C.R.Q. 
943 |g Biblioteca del Museo Regional de Querétaro. INAH. Querétaro 
999 |c 985290  |d 985290